Ako dostať kvalitné potraviny k zákazníkovi
O kvalitnom jedle sa na Slovensku hovorí veľa, no pri nákupe sa spotrebitelia väčšinou rozhodujú na základe zvyku, emócií a ceny. Ak chceme, aby siahala po lepších produktoch, nestačí apelovať na svedomie. Nákupná voľba musí byť jednoduchá a dôveryhodná.
Salvato in:
| Autore principale: | |
|---|---|
| Natura: | Capitolo di libro |
| Lingua: | slovacco |
| Soggetti: | |
| Tags: |
Nessun Tag, puoi essere il primo ad aggiungerne!!
|
MARC
| LEADER | 00000naa a2200000 4500 | ||
|---|---|---|---|
| 001 | 0313024 | ||
| 005 | 20251104133705.5 | ||
| 041 | 0 | |a slo | |
| 044 | |a SK | ||
| 245 | 1 | 0 | |a Ako dostať kvalitné potraviny k zákazníkovi |c Gabriela Alenová |
| 520 | |a O kvalitnom jedle sa na Slovensku hovorí veľa, no pri nákupe sa spotrebitelia väčšinou rozhodujú na základe zvyku, emócií a ceny. Ak chceme, aby siahala po lepších produktoch, nestačí apelovať na svedomie. Nákupná voľba musí byť jednoduchá a dôveryhodná. | ||
| 610 | 2 | 0 | |a rozhodovanie nákupné |
| 610 | 2 | 0 | |a správanie spotrebiteľa |
| 610 | 2 | 0 | |a spokojnosť zákazníkov |
| 610 | 2 | 0 | |a kvalita potravín |
| 610 | 2 | 0 | |a kvalita života |
| 100 | 1 | |a Alenová, Gabriela | |